Inspired pragmatism : (Record no. 6953)

MARC details
000 -LEADER
fixed length control field 00559nam a2200169 4500
001 - CONTROL NUMBER
control field 8075
005 - DATE AND TIME OF LATEST TRANSACTION
control field 20181127185030.0
020 00 - INTERNATIONAL STANDARD BOOK NUMBER
International Standard Book Number 9780971355521
090 00 - LOCALLY ASSIGNED LC-TYPE CALL NUMBER (OCLC); LOCAL CALL NUMBER (RLIN)
Classification number (OCLC) (R) ; Classification number, CALL (RLIN) (NR)
100 00 - MAIN ENTRY--PERSONAL NAME
Personal name Henberg, Marvin.
245 00 - TITLE STATEMENT
Title Inspired pragmatism :
Remainder of title an illustrated history of Linfield College /
Statement of responsibility, etc. Marvin Henberg; Barbara Kitt Seidman
Medium
260 00 - PUBLICATION, DISTRIBUTION, ETC.
Place of publication, distribution, etc. Portland, Ore. :
Name of publisher, distributor, etc. Carpe Diem Books,
Date of publication, distribution, etc. 2007.
300 00 - PHYSICAL DESCRIPTION
Extent 143 pages : illustrations (some color) ; 25 x 31 cm
650 00 - SUBJECT ADDED ENTRY--TOPICAL TERM
Topical term or geographic name entry element Linfield College -- History.
General subdivision
Topical term or geographic name entry element Linfield College.
General subdivision
Holdings
Withdrawn status Lost status Source of classification or shelving scheme Damaged status Not for loan Collection code Home library Current library Shelving location Date acquired Serial Enumeration / chronology Inventory number Full call number Barcode Date last seen Price effective from Koha item type
    Dewey Decimal Classification     Special collections RTC Library RTC Library Special collections 25/02/2021 12187 378 HEN 30012651 27/11/2018 27/11/2018 Special Collections
Royal Thimphu College || All Right Reserved